000 00460nam a2200145Ia 4500
003 OSt
005 20260121105449.0
008 211028s2014 xx 000 0 und d
040 _cAIMIT LIBRARY
041 _aeng
100 _aSowmya; Amin, Venkatesh S.
_g1216137
_97247
245 _aEmployee attrition its causes and effects with special reference to future group company for big bazaar /
260 _aMangalore
_bVenkatesh S Amin
_c2014
942 _2ddc
_cPRO
999 _c218817
_d218817